00000000nam##2200000za#4500
0019.663737
003CaOODSP
00520210615121207
007ta
008150407|2002||||xxc|||||     f|0| 0 eng|d
020 |a0-662-66563-5
040 |aCaOODSP|beng
041 |aeng
041 |afre
043 |an-cn---
0861 |aIu4-5/2002
1101 |aCanada. |bIndustry Canada.
24510|aCanada's innovation strategy
260 |aOttawa - Ontario : |bIndustry Canada |c2002.
300 |aEnglish text, 15p. ; |c30 cm. + |eone CD-Rom, one bookmark and News Release, May 9, 2002
500 |aIssued with a CD-Rom under the same title (Iu4-5-2002-1-MRC)in a folder
5203 |aThis collection of documents on Canada’s innovation strategy includes a summary of Achieving Excellence, the government's blueprint for investing in people, knowledge, and opportunity, as well as a do-it-yourself kit in both booklet and electronic format for Canadians wishing to organize their own discussions at the community level. A May 9, 2002, news release calls on business, labour, academia, the volunteer sector, and all Canadians to work together to define an action plan to achieve Canada's innovation strategy.
563 |aKit
590 |a02-26|b2002-06-28
69007|aBusinesses|2gcpds
69007|aStrategies|2gcpds
69007|aTechnological innovation|2gcpds
7760#|tLa stratégie d'innovation du Canada : |w(CaOODSP)9.630775
7760#|tCanada's innovation strategy : |w(CaOODSP)9.686299
792 |tLa stratégie d'innovation du Canada |efre|w(CaOODSP)9.663738
986 |a53702B